Характеристики поляризационного излучения заряженных частиц и магнитных моментов: автореферат диссертации на соискание ученой степени кандидата физико-математических наук; спец. 01.04.16

書誌詳細
第一著者: Коньков А. С. Анатолий Сергеевич
団体著者: Национальный исследовательский Томский политехнический университет (ТПУ)
その他の著者: Потылицын А. П. Александр Петрович (научный руководитель)
要約:Защита сост. 05.04.2016 г.
言語:ロシア語
出版事項: Томск, [Б. и.], 2016
主題:
フォーマット: 図書
KOHA link:https://koha.lib.tpu.ru/cgi-bin/koha/opac-detail.pl?biblionumber=318972

MARC

LEADER 00000nam0a2200000 4500
001 318972
005 20240212095522.0
035 |a (RuTPU)RU\TPU\book\344477 
090 |a 318972 
100 |a 20160516d2016 k y0rusy50 ca 
101 0 |a rus 
102 |a RU 
105 |a a dm 001zy 
200 1 |a Характеристики поляризационного излучения заряженных частиц и магнитных моментов  |e автореферат диссертации на соискание ученой степени кандидата физико-математических наук  |e спец. 01.04.16  |f А. С. Коньков  |g Национальный исследовательский Томский политехнический университет (ТПУ) ; науч. рук. А. П. Потылицын 
210 |a Томск  |c [Б. и.]  |d 2016 
215 |a 22 с.  |c ил. 
300 |a Защита сост. 05.04.2016 г. 
320 |a Библиогр.: с. 21-22 (13 назв.) 
452 1 |0 (RuTPU)RU\TPU\book\339850  |t Характеристики поляризационного излучения заряженных частиц и магнитных моментов  |o автореферат диссертации на соискание учёной степени кандидата физико-математических наук  |o спец. 01.04.16  |f А. С. Коньков  |g Национальный исследовательский Томский политехнический университет (ТПУ) ; науч. рук. А. П. Потылицын, В. М. Катков  |c Томск  |d 2016  |a Коньков, Анатолий Сергеевич 
452 1 |0 (RuTPU)RU\TPU\book\339850  |t Характеристики поляризационного излучения заряженных частиц и магнитных моментов  |o автореферат диссертации на соискание учёной степени кандидата физико-математических наук  |o спец. 01.04.16  |f А. С. Коньков  |g Национальный исследовательский Томский политехнический университет (ТПУ) ; науч. рук. А. П. Потылицын, В. М. Катков  |c Томск  |d 2016  |a Коньков, Анатолий Сергеевич 
606 1 |a Электронная оптика  |x (физика)  |2 stltpush  |3 (RuTPU)RU\TPU\subj\20360  |9 45469 
606 1 |a Черенкова-Вавилова эффект  |x (ядерная физика)  |2 stltpush  |3 (RuTPU)RU\TPU\subj\18625  |9 44017 
610 1 |a физика 
610 1 |a поляризационное излучение 
610 1 |a электронные оболочки 
610 1 |a кулоновское поле 
610 1 |a заряженные частицы 
610 1 |a дисперсия 
610 1 |a поляризация 
610 1 |a излучение Вавилова-Черенкова 
610 1 |a черенковское излучение 
610 1 |a рентгеновское излучение 
610 1 |a переходное излучение 
610 1 |a дифракционное излучение 
610 1 |a рентгеновское черенковское излучение 
610 1 |a магнитные моменты 
610 1 |a мишени 
610 1 |a спектральная дисперсия 
610 1 |a авторефераты диссертаций 
610 1 |a труды учёных ТПУ 
675 |a 537.533.3(04)  |v 3 
675 |a 539.1.074.4(04)  |v 3 
686 |a 01.04.16  |2 oksvnk 
700 1 |a Коньков  |b А. С.  |c физик  |c инженер-проектировщик Томского политехнического университета  |f 1987-  |g Анатолий Сергеевич  |3 (RuTPU)RU\TPU\pers\30580 
702 1 |a Потылицын  |b А. П.  |c российский физик  |c профессор Томского политехнического университета  |f 1945-  |g Александр Петрович  |3 (RuTPU)RU\TPU\pers\15853  |4 727  |9 5531 
712 0 2 |a Национальный исследовательский Томский политехнический университет (ТПУ)  |c (2009- )  |3 (RuTPU)RU\TPU\col\15902 
801 1 |a RU  |b 63413507  |c 20160516 
801 2 |a RU  |b 63413507  |c 20160929  |g RCR 
942 |c BK